| 000 | 00470 a2200145 4500 | ||
|---|---|---|---|
| 001 | 88491 | ||
| 082 | _a621.382 OBA | ||
| 090 |
_c41898 _d41898 |
||
| 100 | _aMohammad Obaidat, Alagan Anpalagan and Isaac Woungang | ||
| 245 |
_aHandbook of Green Information and Communication Systems _bMohammad Obaidat, Alagan Anpalagan and Isaac Woungang |
||
| 260 |
_aBoston _bElsevier _c2013 |
||
| 300 |
_axxx, 773 p. _bHb |
||
| 500 | _aavionics | ||
| 600 | _acommunication systems | ||
| 942 |
_aCAE NUST _k621.382 OBA |
||
| 999 |
_c323564 _d323564 |
||